000 00606nam a2200181Ia 4500
008 151018s9999 xx 000 0 und d
082 _bRBASDV17568
_a891.463
100 _aगुरुनाथ - नाईक
245 _aशांतीवाला
250 _b1
260 _bबांदोडकर पब्लिशिंग कंपनी मुंबई
_c1984
300 _a254
600 _aगुरुनाथ - नाईक
630 _aशांतीवाला
700 _aगुरुनाथ - नाईक
730 _aशांतीवाला
942 _cBOOK
999 _c1018246
_d1018243